| 000 | 00548nam a22001817a 4500 | ||
|---|---|---|---|
| 005 | 20251108173317.0 | ||
| 008 | 250721s2006 xx 000 0 ara d | ||
| 082 | 1 | 4 | _a921.1/زهر |
| 100 | 1 |
_aزهرة، أحمد علي _eمؤلف |
|
| 245 | 1 | 0 | _aالغزالي بين الصحو و العرفان / |
| 264 | 1 |
_aسوريا : _bنينوى للدراسات و النشر، _c2006. |
|
| 300 | _a384ص. | ||
| 650 | 1 | 7 | _aالفلاسفة |
| 650 | 1 | 7 | _aالتراجم |
| 650 | 1 | 7 | _aفلسفة الغزالي |
| 942 |
_2ddc _cBK |
||
| 999 |
_c100934 _d100934 |
||